<?xml version="1.0" encoding="UTF-8"?>
<record
    xmlns:xsi="http://www.w3.org/2001/XMLSchema-instance"
    xsi:schemaLocation="http://www.loc.gov/MARC21/slim http://www.loc.gov/standards/marcxml/schema/MARC21slim.xsd"
    xmlns="http://www.loc.gov/MARC21/slim">

  <leader>00504    a2200121   4500</leader>
  <datafield tag="082" ind1=" " ind2=" ">
    <subfield code="a">809.9.891</subfield>
    <subfield code="b">ES77c</subfield>
  </datafield>
  <datafield tag="100" ind1=" " ind2=" ">
    <subfield code="a">Espinoza Gomez, Manuel, Di Maggio, Nelson and Georges Lemaire, Gerard</subfield>
    <subfield code="9">835</subfield>
  </datafield>
  <datafield tag="245" ind1=" " ind2=" ">
    <subfield code="a">Los cafes literarios Montevideo</subfield>
    <subfield code="b">Les cafes litteraires</subfield>
  </datafield>
  <datafield tag="260" ind1=" " ind2=" ">
    <subfield code="a">Montevideo</subfield>
    <subfield code="b">Les Muses inquietantes</subfield>
    <subfield code="c">1998</subfield>
  </datafield>
  <datafield tag="300" ind1=" " ind2=" ">
    <subfield code="a">48 p</subfield>
    <subfield code="b">ill (col)</subfield>
    <subfield code="c">24 cm</subfield>
  </datafield>
  <datafield tag="650" ind1=" " ind2=" ">
    <subfield code="a">literatura</subfield>
    <subfield code="x">historia y critica literaria</subfield>
    <subfield code="z">Uruguay</subfield>
    <subfield code="9">836</subfield>
  </datafield>
  <datafield tag="700" ind1=" " ind2=" ">
    <subfield code="a">Espinoza Gomez, Manuel, Di Maggio, Nelson and Georges Lemaire, Gerard</subfield>
    <subfield code="9">837</subfield>
  </datafield>
  <datafield tag="999" ind1=" " ind2=" ">
    <subfield code="c">173</subfield>
    <subfield code="d">173</subfield>
  </datafield>
  <datafield tag="952" ind1=" " ind2=" ">
    <subfield code="0">0</subfield>
    <subfield code="1">0</subfield>
    <subfield code="2">ddc</subfield>
    <subfield code="4">0</subfield>
    <subfield code="7">0</subfield>
    <subfield code="a">LV</subfield>
    <subfield code="b">LV</subfield>
    <subfield code="c">Pensamiento</subfield>
    <subfield code="d">2014-05-26</subfield>
    <subfield code="l">0</subfield>
    <subfield code="o">809.9.891 ES77c</subfield>
    <subfield code="p">000153</subfield>
    <subfield code="r">2014-05-26 00:00:00</subfield>
    <subfield code="w">2014-05-26</subfield>
    <subfield code="y">01</subfield>
  </datafield>
</record>
